El futuro de la religión: solidaridad, caridad, ironía
Gespeichert in:
| Hauptverfasser: | , |
|---|---|
| Format: | Buch |
| Sprache: | Spanisch |
| Veröffentlicht: |
Buenos Aires
Paidós
2006
|
| Ausgabe: | 1a. ed |
| Schriftenreihe: | Paidós Studio, 165
|
| Schlagworte: | |
| Tags: |
Tag hinzufügen
Keine Tags, Fügen Sie den ersten Tag hinzu!
|
MARC
| LEADER | 00000nam a2200000 a 4500 | ||
|---|---|---|---|
| 001 | UCJ0722 | ||
| 003 | CL-VaPUC | ||
| 008 | 060901e20060000AG |||||||||||||||||spa|d | ||
| 020 | |a 9501266958 | ||
| 082 | 0 | 4 | |a 230.01 |b ROR |2 21 |
| 100 | 0 | |a Rorty, Richard |e author |9 455762 | |
| 700 | 0 | |a Vattimo, Gianni |e author |9 501035 | |
| 245 | 1 | 3 | |a El futuro de la religión: solidaridad, caridad, ironía |
| 250 | |a 1a. ed | ||
| 300 | |a 127 p | ||
| 942 | |c BK | ||
| 945 | |d 20060901 00:00:00 |a cmena | ||
| 260 | |a Buenos Aires |b Paidós |c 2006 | ||
| 650 | 0 | |a Filosofía de la religión |9 256017 | |
| 650 | 0 | |a Filosofía contemporánea |9 265372 | |
| 650 | 0 | |a Violencia social |9 399777 | |
| 650 | 7 | |a FILOSOFIA POLITICA |2 CL-VaPUC |9 501036 | |
| 583 | |a last modification |c 20140408 11:11:59 |k Rodrigo Vera | ||
| 490 | 0 | |a Paidós Studio, 165 | |
| 999 | |c 317484 |d 317482 | ||
| 952 | |0 0 |1 0 |4 0 |6 230_010000000000000_ROR_2006 |7 0 |8 A |9 393922 |a BIBEDU |b BIBEDU |d 2019-11-22 |i 4264304 |o 230.01 ROR 2006 |p 4264304 |r 2019-11-22 |w 2019-11-22 |y BK |k FIL | ||